По Золотому кольцу России: фотопутеводитель

Podrobná bibliografie
Další autoři: Бычков Ю. А. Юрий Александрович (составитель), Десятников В. А. Владимир Александрович
Jazyk:ruština
Vydáno: Москва, Планета, 1981
Témata:
Médium: MixedMaterials Kniha
KOHA link:https://koha.lib.tpu.ru/cgi-bin/koha/opac-detail.pl?biblionumber=162710

MARC

LEADER 00000nam0a2200000 4500
001 162710
005 20231031160523.0
020 |a RU  |b 82-687и 
035 |a (RuTPU)RU\TPU\book\176490 
090 |a 162710 
100 |a 20090625d1981 m y0rusy5003 ca 
101 0 |a rus 
102 |a RU 
105 |a a z 000zy 
200 1 |a По Золотому кольцу России  |e фотопутеводитель  |f сост. Ю. А. Бычков; В. А. Десятников 
210 |a Москва  |c Планета  |d 1981 
215 |a 255 с.  |c ил. 
610 1 |a Россия 
610 1 |a Золотое кольцо 
610 1 |a фотопутеводители 
675 |a 711.424(084)  |v 3 
702 1 |a Бычков  |b Ю. А.  |g Юрий Александрович  |4 220 
702 1 |a Десятников  |b В. А.  |g Владимир Александрович  |4 220 
801 0 |a RU  |b RuMRKP  |c 19950704  |g psbo 
801 1 |a RU  |b 63413507  |c 20090625  |g PSBO 
801 2 |a RU  |b 63413507  |c 20091102  |g PSBO 
942 |c BK